| 000 | 00907nam a22002057a 4500 | ||
|---|---|---|---|
| 999 |
_c11794 _d11794 |
||
| 003 | AR-CdUCM | ||
| 008 | 190305b ||||| |||| 00| 0 spa d | ||
| 040 |
_aMUNICIPALIDAD PROVINCIAL DEL CUSCO _cBIBLIOTECA MUNICIPAL DEL CUSCO |
||
| 082 |
_22ed. _a349.1 / _bM12 / 1845 |
||
| 100 |
_aMackeldey, F _929342 |
||
| 245 | _aElementos del Derecho Romano, que contienen la teoría de la instituta / | ||
| 260 |
_aMadrid : _bImprenta de la sociedad literaria y topográfica, _c1845. |
||
| 300 |
_a464 paginas ; _c21cm. |
||
| 505 | _aContenido : Del derecho y de la ley en jeneral -- Del hecho en el sentido objetivo -- Historia de las fuentes del derecho romano -- Desde la fundación de Roma hasta las doce tablas -- Desde Cicerón hasta Alejandro Severo... | ||
| 650 |
_aDerecho Romano _94293 |
||
| 650 |
_aObligaciones _99376 |
||
| 650 |
_aContrato _99377 |
||
| 942 |
_2ddc _cLIBROS |
||
| 945 |
_awnts _d2019-04-05 |
||